000 00527nam a2200181 a 4500
001 000042514
005 20201002040214.0
008 131205s2008 sp 000 0 spa d
020 _a9788498950052
040 _aDO-SdBNP
_bspa
_cBNPHU
082 _axxxxxx
_bxxxxxx
100 1 _aSaer, Juan José
_969723
245 1 3 _aEl Arte de Narrar :
_bpoemas (1960-1987) /
_cJuan José Saer.
260 _aMadrid, :
_bVisor libros,
_c2008.
300 _a174 p. ;
_c20 cm.
490 1 _aVisor de poesía
830 0 _aVisor de poesía
_913366
999 _c42003
_d42003